Các loại thức ăn hợp nhau và không hợp nhau
Sách tìm hiểu về tính tương hợp, tương khắc của thức ăn; vấn đề kiêng kỵ trong chế biến và thói quen ăn uống liên quan với cuộc sống.
Gardado en:
| Formato: | Libro |
|---|---|
| Idioma: | Undetermined |
| Publicado: |
Thành phố Hồ Chí Minh
Tổng hợp Thành phố Hồ Chí Minh
2008
|
| Những chủ đề: | |
| Các nhãn: |
Engadir etiqueta
Sen Etiquetas, Sexa o primeiro en etiquetar este rexistro!
|
| Thư viện lưu trữ: | Trung tâm Học liệu Trường Đại học Cần Thơ |
|---|
| LEADER | 00882nam a2200205Ia 4500 | ||
|---|---|---|---|
| 001 | CTU_140322 | ||
| 008 | 210402s9999 xx 000 0 und d | ||
| 020 | |c 22500 | ||
| 082 | |a 613.2 | ||
| 082 | |b C101 | ||
| 245 | 0 | |a Các loại thức ăn hợp nhau và không hợp nhau | |
| 245 | 0 | |c Nguyễn Khắc Khoái biên soạn | |
| 260 | |a Thành phố Hồ Chí Minh | ||
| 260 | |b Tổng hợp Thành phố Hồ Chí Minh | ||
| 260 | |c 2008 | ||
| 520 | |a Sách tìm hiểu về tính tương hợp, tương khắc của thức ăn; vấn đề kiêng kỵ trong chế biến và thói quen ăn uống liên quan với cuộc sống. | ||
| 650 | |a Nutrition,Dinh dưỡng | ||
| 650 | |x Dietetics,Khoa dinh dưỡng | ||
| 904 | |i Trọng Hải | ||
| 980 | |a Trung tâm Học liệu Trường Đại học Cần Thơ | ||